00332nam a2200121Ia 4500008004000000020001800040082001700058100001700075245002600092260005300118300001200171650002700183210210b2004 xxu||||| |||| 00| 0 eng d a81 203 0116 1 a658.001 DEAM aDEAN (Joel). aManagerial economics. aNDbPrentice-Hall of India Private Limitedc2004 axiv,621 aManagerial Economics